[Event "40th World U20 ch"]
[Site "Peristeri GRE"]
[Date "2001.08.17"]
[Round "2.23"]
[White "Postny, Evgeny"]
[Black "Sandhofner, Florian"]
[Result "1-0"]
[WhiteElo "2486"]
[BlackElo "2239"]
[EventDate "2001.08.16"]
[PlyCount "101"]

1.d4 d5 2.c4 c6 3.Nf3 Nf6 4.Nc3 dxc4 5.a4 Bf5 6.Nh4 Bg6 7.Nxg6 hxg6 8.e3 
e5 9.dxe5 Qxd1+ 10.Nxd1 Ng4 11.e6 Bb4+ 12.Bd2 Bxd2+ 13.Kxd2 fxe6 14.Bxc4 
Ke7 15.Be2 Nf6 16.Nc3 Nbd7 17.Kc2 Ne5 18.h3 Nd5 19.Rad1 Raf8 20.Rhf1 Rh4 
21.Rd4 Rxd4 22.exd4 Nd7 23.Nxd5+ exd5 24.f4 a5 25.Bd3 Kf7 26.Re1 Nb6 27.b3
Nd7 28.Re3 Rh8 29.Rg3 Rh6 30.Kd2 Nf8 31.Ke3 Kf6 32.Rf3 Ke7 33.Rf2 Rh4 34.
Rf1 Kf6 35.Rb1 Ne6 36.Rf1 Nf8 37.Bc2 Ke7 38.Rh1 Kf6 39.g3 Rh8 40.h4 Nd7 
41.Kf3 Nf8 42.Re1 Ne6 43.Ke3 Re8 44.Kd2 Rc8 45.Kd3 Rc7 46.Re5 Re7 47.Kc3 
Nf8 48.h5 Rd7 49.hxg6 Nxg6 50.Rf5+ Ke6 51.Rg5 1-0

[Event "40th World U20 ch"]
[Site "Peristeri GRE"]
[Date "2001.08.17"]
[Round "2.25"]
[White "Zufic, Miroslav"]
[Black "Bakre, Tejas"]
[Result "1-0"]
[WhiteElo "2289"]
[BlackElo "2463"]
[EventDate "2001.08.16"]
[PlyCount "95"]

1.e4 c5 2.Nf3 d6 3.d4 cxd4 4.Nxd4 Nf6 5.Nc3 Nc6 6.f3 Qb6 7.Nb3 e6 8.Qe2 a6
9.Be3 Qc7 10.O-O-O b5 11.g4 h6 12.h4 Rb8 13.Qg2 b4 14.Ne2 a5 15.Kb1 a4 16.
Nbd4 e5 17.Nxc6 Qxc6 18.g5 hxg5 19.hxg5 Rxh1 20.Qxh1 Nd7 21.g6 f5 22.exf5 
Nf6 23.Ng3 b3 24.cxb3 axb3 25.axb3 Rxb3 26.Rd3 Rb8 27.Bd2 Bd7 28.Be2 Qb6 
29.Bc3 Qa7 30.Qh3 Qg1+ 31.Rd1 Qe3 32.Rd3 Qf2 33.Rd2 Qe1+ 34.Bd1 Qe3 35.Ka2
Bc6 36.Qh4 Ra8+ 37.Kb1 Bxf3 38.Bxf3 Qxf3 39.Qc4 Nd7 40.Qe4 Qxe4+ 41.Nxe4 
Ra4 42.Nxd6+ Bxd6 43.Rxd6 Rf4 44.Bxe5 Rxf5 45.Re6+ Kd8 46.Bxg7 Nc5 47.Rd6+
Nd7 48.Bd4 1-0

[Event "40th World U20 ch"]
[Site "Peristeri GRE"]
[Date "2001.08.18"]
[Round "3.3"]
[White "Vajda, Levente"]
[Black "Zhao, Zong Yuan"]
[Result "0-1"]
[WhiteElo "2507"]
[BlackElo "2359"]
[EventDate "2001.08.16"]
[PlyCount "80"]

1.e4 e5 2.Nf3 Nc6 3.Bb5 a6 4.Bxc6 dxc6 5.O-O f6 6.d4 Bg4 7.dxe5 Qxd1 8.
Rxd1 fxe5 9.Rd3 Bd6 10.Bg5 Nf6 11.Bxf6 gxf6 12.Nbd2 b5 13.Nh4 O-O-O 14.h3 
Be6 15.Nf1 c5 16.Rf3 Rhf8 17.Nf5 c4 18.Ng7 Bg8 19.g4 Bc5 20.Kg2 Kb7 21.h4 
a5 22.a4 b4 23.Rc1 Bd4 24.c3 Bb6 25.Nh5 Rd3 26.Rxd3 cxd3 27.Nd2 Be6 28.Kf3
Bd7 29.b3 Bc6 30.Ng7 h5 31.Kg3 hxg4 32.h5 Rh8 33.cxb4 axb4 34.Rc4 Bd7 35.
Nf1 Rh7 36.h6 Rxh6 37.Rxb4 Rh3+ 38.Kg2 Rf3 39.a5 Rxf2+ 40.Kg1 d2 0-1

[Event "40th World U20 ch"]
[Site "Peristeri GRE"]
[Date "2001.08.18"]
[Round "3.4"]
[White "Berg, Emanuel"]
[Black "Panchanathan, Magesh Chandran"]
[Result "1-0"]
[WhiteElo "2496"]
[BlackElo "2339"]
[EventDate "2001.08.16"]
[PlyCount "91"]

1.e4 e6 2.d4 d5 3.Nc3 Nf6 4.e5 Nfd7 5.f4 c5 6.Nf3 Nc6 7.Be3 cxd4 8.Nxd4 
Bc5 9.Qd2 a6 10.O-O-O O-O 11.h4 Bxd4 12.Bxd4 b5 13.Bg1 Qa5 14.Kb1 b4 15.
Ne2 Nc5 16.Bxc5 Qxc5 17.Nd4 a5 18.Nxc6 Qxc6 19.h5 Ba6 20.f5 exf5 21.Bxa6 
Rxa6 22.Qxd5 h6 23.Rhf1 Rc8 24.Qd3 a4 25.Qxf5 Ra7 26.Rd6 Qc5 27.Rfd1 Re8 
28.R6d5 Qc6 29.Rd8 Re7 30.a3 bxa3 31.R1d7 Rxd8 32.Rxd8+ Re8 33.Qf3 Qb5 34.
Rxe8+ Qxe8 35.Qxa3 Qb5 36.Qf3 Qc4 37.Qd3 Qg4 38.Qd5 Qxh5 39.Ka2 Qg4 40.c4 
Qe2 41.c5 g5 42.c6 Kg7 43.Qc5 Qa6 44.c7 Qe6+ 45.Ka1 Qc8 46.Qd6 1-0

[Event "40th World U20 ch"]
[Site "Peristeri GRE"]
[Date "2001.08.18"]
[Round "3.5"]
[White "Azarov, Sergei"]
[Black "Navara, David"]
[Result "1-0"]
[WhiteElo "2461"]
[BlackElo "2491"]
[EventDate "2001.08.16"]
[PlyCount "59"]

1.e4 c5 2.Nf3 e6 3.d4 cxd4 4.Nxd4 Nf6 5.Nc3 d6 6.Be3 Nc6 7.Bc4 Be7 8.f4 
O-O 9.Qf3 e5 10.Nxc6 bxc6 11.f5 Nd7 12.O-O-O Nb6 13.Bb3 Ba6 14.h4 Nc4 15.
Kb1 Nxe3 16.Qxe3 h6 17.Qh3 Kh7 18.g4 g5 19.hxg5 Bxg5 20.Qh5 Kg7 21.Bxf7 
Rxf7 22.Qg6+ Kf8 23.Rxd6 Qb8 24.Rxh6 Bxh6 25.Qxh6+ Ke7 26.Qe6+ Kf8 27.Qh6+
Ke7 28.Rxc6 Bb7 29.Re6+ Kd8 30.Qg5+ 1-0

[Event "40th World U20 ch"]
[Site "Peristeri GRE"]
[Date "2001.08.18"]
[Round "3.7"]
[White "Flores, Diego"]
[Black "Miton, Kamil"]
[Result "0-1"]
[WhiteElo "2425"]
[BlackElo "2516"]
[EventDate "2001.08.16"]
[PlyCount "108"]

1.e4 c5 2.c3 e6 3.d4 d5 4.exd5 exd5 5.Nf3 Nc6 6.Bb5 Bd6 7.O-O Ne7 8.dxc5 
Bxc5 9.Nbd2 O-O 10.Nb3 Bb6 11.Bd3 h6 12.h3 Qd6 13.Nbd4 Bxd4 14.cxd4 Bf5 
15.a3 Rfe8 16.Re1 Qg6 17.Nh4 Qf6 18.Nxf5 Nxf5 19.Rxe8+ Rxe8 20.Bxf5 Qxf5 
21.Be3 Rc8 22.Rc1 Nd8 23.Rxc8 Qxc8 24.Qf3 Qd7 25.Qg3 Kh7 26.Bd2 Ne6 27.
Qd3+ Kg8 28.Qg3 Kh7 29.Qd3+ Kh8 30.g3 Kg8 31.h4 a6 32.h5 Nd8 33.Kg2 Qg4 
34.Qf3 Qxd4 35.Bc3 Qc4 36.Be5 Ne6 37.b3 Qc6 38.Qg4 Ng5 39.Bd4 Qe6 40.Qxe6 
Nxe6 41.Bb6 g6 42.hxg6 fxg6 43.g4 Kf7 44.Kg3 g5 45.Kf3 Kf6 46.a4 Ke5 47.b4
Nd4+ 48.Kg3 Ke4 49.Bc5 Ne2+ 50.Kg2 Nf4+ 51.Kg3 d4 52.f3+ Ke3 53.b5 axb5 
54.axb5 Ne6 0-1

[Event "40th World U20 ch"]
[Site "Peristeri GRE"]
[Date "2001.08.18"]
[Round "3.8"]
[White "Kapnisis, Spyridon"]
[Black "Sargissian, Gabriel"]
[Result "1/2-1/2"]
[WhiteElo "2373"]
[BlackElo "2514"]
[EventDate "2001.08.16"]
[PlyCount "80"]

1.e4 c6 2.d4 d5 3.e5 Bf5 4.Nc3 Qb6 5.Bd3 Bxd3 6.Qxd3 e6 7.Nge2 Ne7 8.O-O 
Nd7 9.a4 h5 10.a5 Qa6 11.Qh3 c5 12.Re1 Nc6 13.Bg5 Nb4 14.Nf4 Be7 15.Bxe7 
Kxe7 16.dxc5 g5 17.Ra4 Nxc2 18.Nfxd5+ exd5 19.Nxd5+ Kf8 20.Rc1 Nxc5 21.Nc7
Qe2 22.Nxa8 Nxa4 23.Qc8+ Kg7 24.Qxc2 Qxc2 25.Rxc2 Rxa8 26.b3 Re8 27.f4 
gxf4 28.bxa4 Rxe5 29.a6 bxa6 30.Rc4 f3 31.gxf3 Rd5 32.Kf2 f6 33.Kg3 Kg6 
34.Rb4 Rd2 35.h4 Ra2 36.Rc4 Ra1 37.Rd4 a5 38.Rc4 Rg1+ 39.Kf2 Ra1 40.Kg3 
Rg1+ 1/2-1/2

[Event "40th World U20 ch"]
[Site "Peristeri GRE"]
[Date "2001.08.18"]
[Round "3.9"]
[White "Roiz, Michael"]
[Black "Torfinnsson, Bragi"]
[Result "1/2-1/2"]
[WhiteElo "2511"]
[BlackElo "2371"]
[EventDate "2001.08.16"]
[PlyCount "25"]

1.d4 Nf6 2.c4 e6 3.Nf3 b6 4.g3 Ba6 5.b3 Bb4+ 6.Bd2 Be7 7.Bg2 c6 8.Bc3 d5 
9.Ne5 Nfd7 10.Nxd7 Nxd7 11.Nd2 f5 12.b4 Rc8 13.Qb3 1/2-1/2

[Event "40th World U20 ch"]
[Site "Peristeri GRE"]
[Date "2001.08.18"]
[Round "3.10"]
[White "Du Shan"]
[Black "Postny, Evgeny"]
[Result "1/2-1/2"]
[WhiteElo "2352"]
[BlackElo "2486"]
[EventDate "2001.08.16"]
[PlyCount "133"]

1.d4 d5 2.Nf3 c6 3.c3 Nf6 4.Bg5 Ne4 5.Bf4 Bf5 6.Nbd2 e6 7.e3 Nd7 8.Nxe4 
Bxe4 9.Nd2 Bg6 10.Be2 c5 11.O-O Be7 12.dxc5 Nxc5 13.b4 Nd7 14.c4 Bf6 15.
cxd5 Bxa1 16.Qxa1 O-O 17.dxe6 fxe6 18.Bc4 Qe7 19.Qd4 Rfd8 20.Bc7 Rdc8 21.
Bd6 Qe8 22.Nf3 Nb6 23.Be2 Rc2 24.Bd1 Rc4 25.Qe5 Rc6 26.Bb3 Nc4 27.Bxc4 
Rxc4 28.Bc5 Qd7 29.Qg3 Rc2 30.Ne5 Qe8 31.a3 Rc8 32.h3 b6 33.Bd4 R8c7 34.
Kh2 Bh5 35.f3 h6 36.Rf2 Rxf2 37.Qxf2 Qe7 38.Qa2 Qd6 39.Qf2 Be8 40.Qg3 Rc2 
41.Qg4 Ra2 42.Kh1 Qe7 43.Ng6 Bxg6 44.Qxg6 Qf7 45.Qg4 Kh7 46.f4 Qg6 47.Qf3 
Rxa3 48.Kh2 Ra2 49.b5 h5 50.e4 Ra4 51.Qd3 h4 52.Kh1 Ra2 53.Qf3 Rc2 54.Bf2 
Rc1+ 55.Kh2 Rc4 56.Bxh4 Rxe4 57.Be7 Rc4 58.Bd6 Rd4 59.Be5 Rd5 60.Qe2 Qf5 
61.Qc4 Rc5 62.Qa4 Rxe5 63.fxe5 Qxe5+ 64.Kh1 Qe1+ 65.Kh2 Qe5+ 66.Kh1 Kg6 
67.Qg4+ 1/2-1/2

[Event "40th World U20 ch"]
[Site "Peristeri GRE"]
[Date "2001.08.18"]
[Round "3.13"]
[White "Tsiamis, Konstantinos"]
[Black "Gagunashvili, Merab"]
[Result "0-1"]
[WhiteElo "2217"]
[BlackElo "2445"]
[EventDate "2001.08.16"]
[PlyCount "76"]

1.e4 c5 2.Nf3 e6 3.b3 a6 4.c4 Nc6 5.Bb2 Qc7 6.g3 d6 7.d4 cxd4 8.Nxd4 b6 9.
Nxc6 Qxc6 10.Bg2 Bb7 11.O-O Nf6 12.Bxf6 gxf6 13.Qh5 Qc5 14.Qxc5 dxc5 15.
Rd1 Bg7 16.Nd2 O-O-O 17.Rab1 Rd4 18.Nf1 Rhd8 19.Rxd4 Rxd4 20.f3 Bh6 21.a4 
Bc6 22.h4 Kc7 23.Kf2 b5 24.axb5 axb5 25.cxb5 Bxb5 26.Ra1 Bc6 27.Ra7+ Bb7 
28.Ra4 Rxa4 29.bxa4 Kb6 30.Ne3 Ba6 31.Ng4 Bg7 32.f4 Ka5 33.Ke3 Kxa4 34.Kd2
Kb3 35.f5 h5 36.Nf2 c4 37.fxe6 c3+ 38.Ke3 c2 0-1

[Event "40th World U20 ch"]
[Site "Peristeri GRE"]
[Date "2001.08.18"]
[Round "3.15"]
[White "Palliser, Richard"]
[Black "Aronian, Levon"]
[Result "1/2-1/2"]
[WhiteElo "2337"]
[BlackElo "2562"]
[EventDate "2001.08.16"]
[PlyCount "109"]

1.d4 Nf6 2.c4 e6 3.Nf3 c5 4.d5 exd5 5.cxd5 Bd6 6.Nc3 Bc7 7.g4 d6 8.g5 Nh5 
9.e4 O-O 10.Ne5 g6 11.Nc4 Re8 12.Be3 b5 13.Nxb5 Rxe4 14.Nxc7 Qxc7 15.Qc2 
Re8 16.Qa4 Ng7 17.O-O-O a5 18.Qb3 Bg4 19.Qb6 Qxb6 20.Nxb6 Bxd1 21.Nxa8 Bf3
22.Rg1 Nf5 23.Bd2 Nd4 24.Nb6 Re2 25.h4 Na6 26.Rg3 Rxf2 27.Bxa6 Be2 28.Be1 
Rh2 29.Bc4 Bxc4 30.Nxc4 Rc2+ 31.Kd1 Rxc4 32.Re3 Kf8 33.Re4 Nc2 34.Rxc4 
Ne3+ 35.Ke2 Nxc4 36.b3 Nb6 37.Bxa5 Nxd5 38.Kf3 Ke8 39.Ke4 Ne7 40.Be1 Kd7 
41.b4 Kc6 42.a4 cxb4 43.Bxb4 Nd5 44.Be1 f6 45.gxf6 Nxf6+ 46.Kd4 Ne8 47.Ke4
Kc5 48.Kf4 h6 49.Bd2 Nf6 50.Kf3 g5 51.hxg5 hxg5 52.Bxg5 Nd5 53.Bh6 Kb4 54.
Bf8 Kxa4 55.Bxd6 1/2-1/2

[Event "40th World U20 ch"]
[Site "Peristeri GRE"]
[Date "2001.08.18"]
[Round "3.17"]
[White "Acs, Peter"]
[Black "Karakehajov, Kalin"]
[Result "1-0"]
[WhiteElo "2514"]
[BlackElo "2316"]
[EventDate "2001.08.16"]
[PlyCount "47"]

1.e4 e5 2.Nf3 Nc6 3.Nc3 Nf6 4.Bb5 Nd4 5.Ba4 c6 6.Nxe5 d6 7.Nf3 Bg4 8.d3 
Nd7 9.Be3 Nxf3+ 10.gxf3 Bh5 11.d4 Qf6 12.Rg1 Bxf3 13.Qd3 Qh4 14.Rg3 Qxh2 
15.Kd2 Qh5 16.d5 c5 17.Rag1 f6 18.Bxd7+ Kxd7 19.Qb5+ Kd8 20.Qxb7 Rc8 21.
Rxg7 Qe8 22.Qxa7 Be7 23.Qb6+ Kd7 24.Nb5 1-0

[Event "40th World U20 ch"]
[Site "Peristeri GRE"]
[Date "2001.08.18"]
[Round "3.18"]
[White "Franco Alonso, Alejandro"]
[Black "Bunzmann, Dimitrij"]
[Result "1/2-1/2"]
[WhiteElo "2332"]
[BlackElo "2509"]
[EventDate "2001.08.16"]
[PlyCount "155"]

1.d4 e6 2.c4 Nf6 3.g3 c5 4.Nf3 cxd4 5.Nxd4 Qc7 6.b3 Bb4+ 7.Bd2 Bc5 8.Bc3 
Ne4 9.Bg2 Nxc3 10.Nxc3 Qe5 11.e3 Nc6 12.Nde2 b6 13.O-O Bb7 14.Na4 Rd8 15.
Nxc5 bxc5 16.Qd2 O-O 17.Rac1 Qb8 18.Nc3 d6 19.Qe2 Ne7 20.Rfd1 Nf5 21.Rd2 
Rd7 22.Rcd1 Rfd8 23.Qf1 Kf8 24.Na4 Ke8 25.Bxb7 Qxb7 26.Qg2 Qxg2+ 27.Kxg2 
Ne7 28.f4 Nc6 29.Kf3 Ke7 30.Nc3 Nb4 31.Ke2 h6 32.Ne4 Nc6 33.Nc3 g5 34.Kf2 
Nb4 35.Ne4 f5 36.Nc3 Nc6 37.h4 gxh4 38.gxh4 Rg8 39.Rg1 Rdd8 40.Rdd1 a6 41.
Rxg8 Rxg8 42.Rg1 Rxg1 43.Kxg1 Nb8 44.Kf2 Nd7 45.Kf3 Nf6 46.a3 a5 47.Ke2 
Nd7 48.Kd3 Nb6 49.e4 Kf6 50.Nb5 fxe4+ 51.Kxe4 d5+ 52.Kd3 a4 53.cxd5 exd5 
54.bxa4 Nxa4 55.Nc3 Nxc3 56.Kxc3 Kf5 57.a4 Kxf4 58.a5 Ke3 59.a6 d4+ 60.Kc4
d3 61.a7 d2 62.a8=Q d1=Q 63.Qe8+ Kf2 64.Qf8+ Kg3 65.Kxc5 Qc1+ 66.Kd4 Qd2+ 
67.Ke4 Qe2+ 68.Kd4 Qg4+ 69.Ke3 Qe6+ 70.Kd3 Qd5+ 71.Ke3 Qe5+ 72.Kd3 h5 73.
Qd8 Qf5+ 74.Ke2 Qg4+ 75.Ke1 Qe4+ 76.Kd2 Qxh4 77.Qxh4+ Kxh4 78.Ke2 1/2-1/2

[Event "40th World U20 ch"]
[Site "Peristeri GRE"]
[Date "2001.08.18"]
[Round "3.20"]
[White "Guidarelli, Laurent"]
[Black "Pert, Nicholas"]
[Result "1/2-1/2"]
[WhiteElo "2323"]
[BlackElo "2475"]
[EventDate "2001.08.16"]
[PlyCount "28"]

1.e4 e6 2.d4 d5 3.Nc3 Bb4 4.e5 c5 5.a3 Bxc3+ 6.bxc3 Qa5 7.Bd2 Qa4 8.Qg4 g6
9.Qd1 b6 10.h4 h5 11.Bg5 Qa5 12.Bd2 Qa4 13.Bg5 Qa5 14.Bd2 Qa4 1/2-1/2

[Event "40th World U20 ch"]
[Site "Peristeri GRE"]
[Date "2001.08.18"]
[Round "3.21"]
[White "Korobov, Anton"]
[Black "Khamzin, Olzhas"]
[Result "1-0"]
[WhiteElo "2470"]
[BlackElo "2223"]
[EventDate "2001.08.16"]
[PlyCount "49"]

1.d4 Nf6 2.c4 e6 3.Nf3 b6 4.g3 Ba6 5.Nbd2 Bb4 6.Qc2 O-O 7.Bg2 d5 8.O-O Bb7
9.b3 Nbd7 10.Bb2 Rc8 11.Rad1 c5 12.dxc5 Bxc5 13.Qb1 Qe7 14.cxd5 Bxd5 15.e4
Ba8 16.e5 Nd5 17.Ne4 Rfd8 18.Nfg5 Nf8 19.Nxc5 Qxc5 20.Be4 h6 21.Bh7+ Nxh7 
22.Qxh7+ Kf8 23.Ne4 Qb4 24.Rd4 Qa5 25.Ra4 1-0

[Event "40th World U20 ch"]
[Site "Peristeri GRE"]
[Date "2001.08.18"]
[Round "3.25"]
[White "Bensenousi, Isk"]
[Black "Neiksans, Arturs"]
[Result "0-1"]
[WhiteElo "2045"]
[BlackElo "2435"]
[EventDate "2001.08.16"]
[PlyCount "98"]

1.e4 e5 2.Nf3 Nf6 3.Nxe5 d6 4.Nf3 Nxe4 5.d4 d5 6.Bd3 Nc6 7.O-O Bg4 8.c3 
Be7 9.Nbd2 Ng5 10.Be2 Ne6 11.Ne5 Bxe2 12.Nxc6 Bxd1 13.Nxd8 Rxd8 14.Rxd1 
Bd6 15.Nf3 f6 16.b3 Kf7 17.g3 g5 18.h3 c6 19.Bb2 h5 20.Kg2 Ng7 21.Re1 Nf5 
22.Re2 Rdg8 23.Nh2 h4 24.g4 Ne7 25.Rae1 Ng6 26.Bc1 Bf4 27.Be3 Re8 28.Nf1 
Re4 29.Nd2 Re7 30.Kf3 Rhe8 31.Nf1 Re6 32.Nd2 R8e7 33.Kg2 Bxe3 34.Rxe3 Nf4+
35.Kh2 Nd3 36.Rxe6 Rxe6 37.Rxe6 Kxe6 38.f3 Nf4 39.a4 Ne2 40.Nb1 b6 41.Kg2 
Kd6 42.b4 a5 43.bxa5 bxa5 44.Kf2 Nf4 45.Na3 Nxh3+ 46.Ke3 Nf4 47.c4 h3 48.
c5+ Kd7 49.Kf2 h2 0-1

[Event "40th World U20 ch"]
[Site "Peristeri GRE"]
[Date "2001.08.18"]
[Round "3.43"]
[White "Gengler, Pierre"]
[Black "Sanchez, Louis"]
[Result "1-0"]
[WhiteElo "2023"]
[BlackElo "2148"]
[EventDate "2001.08.16"]
[PlyCount "55"]

1.e4 e5 2.Nf3 Nf6 3.Nc3 Bb4 4.a3 Bxc3 5.dxc3 d6 6.Bd3 O-O 7.O-O Nbd7 8.Bg5
Nc5 9.Qe2 h6 10.Bh4 Ne6 11.Bxf6 Qxf6 12.Nd2 Nf4 13.Qf3 h5 14.Rfe1 h4 15.
Bf1 Qg5 16.Kh1 Nxg2 17.Qxg2 Qxd2 18.Re3 Qxc2 19.Bc4 Kh8 20.Rg1 g6 21.Qg5 
Kg7 22.Rf3 Bf5 23.Qxf5 d5 24.Bxd5 Rad8 25.Qf6+ Kh7 26.Qxh4+ Kg7 27.Qf6+ 
Kh7 28.Rh3+ 1-0

[Event "40th World U20 ch"]
[Site "Peristeri GRE"]
[Date "2001.08.19"]
[Round "4.2"]
[White "Zhao, Zong Yuan"]
[Black "Berg, Emanuel"]
[Result "0-1"]
[WhiteElo "2359"]
[BlackElo "2496"]
[EventDate "2001.08.16"]
[PlyCount "158"]

1.e4 e6 2.d4 d5 3.Nc3 Bb4 4.e5 c5 5.a3 Bxc3+ 6.bxc3 Qc7 7.Qg4 f5 8.Qh5+ g6
9.Qd1 Bd7 10.Nf3 Ba4 11.Bd2 Nc6 12.Bd3 h6 13.h4 Nge7 14.Qc1 O-O-O 15.Rh3 
Rh7 16.Kf1 Rdh8 17.Kg1 c4 18.Be2 Nd8 19.g3 Nec6 20.Nh2 g5 21.g4 h5 22.gxf5
g4 23.Rg3 exf5 24.Nf1 Ne6 25.Ne3 Ne7 26.Ng2 Ng6 27.Bg5 Rf8 28.Nf4 Ngxf4 
29.Bxf4 Qe7 30.Rb1 Bxc2 31.Qxc2 Nxf4 32.Bf1 Qxh4 33.Qa4 Kb8 34.Qc6 Rd8 35.
a4 Qe7 36.a5 Rc8 37.Qb5 Qd7 38.Qb4 Ne6 39.Re3 f4 40.Re2 f3 41.Reb2 Rc7 42.
Qa3 Qe7 43.Qa4 Nd8 44.Rb5 Qe6 45.Qa3 Rhf7 46.Qd6 Kc8 47.Rxd5 Rfd7 48.Qxe6 
Nxe6 49.Rdb5 Nf4 50.Re1 Rd5 51.Rb2 Kd7 52.Re4 Nd3 53.Rd2 Nc5 54.Rf4 Nb3 
55.Rd1 Nxa5 56.Rf5 Ke6 57.Rxh5 Nb3 58.Rh6+ Kf5 59.Rf6+ Kg5 60.Re1 Nd2 61.
Rf8 Kg6 62.e6 Re7 63.Rf4 Rh5 64.Rxg4+ Kf5 65.Rg3 Rxe6 66.Rxe6 Kxe6 67.Bh3+
Kf6 68.Bc8 b6 69.Bb7 Rg5 70.Ba6 Ra5 71.Bxc4 Nxc4 72.Rxf3+ Rf5 73.Rh3 a5 
74.Rh6+ Kg5 75.Rc6 a4 76.Rxc4 a3 77.f4+ Kh5 78.d5 Rxd5 79.Re4 Rd1+ 0-1

[Event "40th World U20 ch"]
[Site "Peristeri GRE"]
[Date "2001.08.19"]
[Round "4.6"]
[White "Sedlak, Nikola"]
[Black "Acs, Peter"]
[Result "1/2-1/2"]
[WhiteElo "2457"]
[BlackElo "2514"]
[EventDate "2001.08.16"]
[PlyCount "45"]

1.e4 c5 2.Nf3 d6 3.d4 cxd4 4.Nxd4 Nf6 5.Nc3 Nc6 6.Bg5 e6 7.Qd2 a6 8.O-O-O 
Bd7 9.f4 b5 10.Bxf6 gxf6 11.Kb1 Qb6 12.Nxc6 Bxc6 13.Qe1 Be7 14.Bd3 Qc5 15.
f5 h5 16.Qh4 b4 17.Ne2 e5 18.b3 a5 19.Bc4 Rc8 20.Rhe1 Bb7 21.Nc1 Qb6 22.
Bd5 Ba6 23.Rd2 1/2-1/2

[Event "40th World U20 ch"]
[Site "Peristeri GRE"]
[Date "2001.08.19"]
[Round "4.8"]
[White "Sargissian, Gabriel"]
[Black "Schneider, Dmitry"]
[Result "1-0"]
[WhiteElo "2514"]
[BlackElo "2405"]
[EventDate "2001.08.16"]
[PlyCount "91"]

1.d4 d5 2.c4 e6 3.Nf3 c6 4.e3 Bd6 5.Bd3 f5 6.O-O Qf6 7.b3 Nh6 8.Ba3 Bxa3 
9.Nxa3 Nd7 10.b4 a6 11.Qb3 O-O 12.Nb1 g5 13.g3 Nf7 14.Nc3 e5 15.Be2 dxc4 
16.Bxc4 exd4 17.exd4 Kg7 18.Rfe1 Nb6 19.Bxf7 Rxf7 20.d5 Bd7 21.Ne5 Re7 22.
Nxd7 Nxd7 23.dxc6 bxc6 24.Rxe7+ Qxe7 25.Na4 g4 26.Qc3+ Qf6 27.Rd1 Ne5 28.
Kg2 h5 29.Nc5 Ra7 30.Re1 Re7 31.Nd7 Rxd7 32.Rxe5 Rd6 33.Qc5 Rd5 34.Rxd5 
cxd5 35.Qxd5 f4 36.Qb7+ Kh6 37.gxf4 Qxf4 38.Qxa6+ Kg5 39.Qb5+ Kg6 40.Qd3+ 
Kg7 41.Qd7+ Kg8 42.Qd5+ Kg7 43.b5 h4 44.h3 gxh3+ 45.Kxh3 Qxf2 46.Qg2+ 1-0

[Event "40th World U20 ch"]
[Site "Peristeri GRE"]
[Date "2001.08.19"]
[Round "4.9"]
[White "Dukic, Nikola"]
[Black "Roiz, Michael"]
[Result "0-1"]
[WhiteElo "2374"]
[BlackElo "2511"]
[EventDate "2001.08.16"]
[PlyCount "94"]

1.d4 e6 2.c4 Nf6 3.Nc3 Bb4 4.Qc2 O-O 5.a3 Bxc3+ 6.Qxc3 b6 7.Bg5 Bb7 8.e3 
d6 9.f3 Nbd7 10.Bd3 c5 11.Ne2 Rc8 12.Qb3 cxd4 13.exd4 Ba6 14.O-O Qc7 15.
Bxf6 Nxf6 16.Rac1 Qd7 17.Qb4 d5 18.b3 dxc4 19.bxc4 e5 20.Qb1 Qe7 21.dxe5 
Qxe5 22.Kh1 Rfd8 23.Ng3 g6 24.Rfd1 Rd4 25.Qa1 Rc5 26.Ne2 Rd7 27.Qxe5 Rxe5 
28.Nf4 Rc5 29.Kg1 Bxc4 30.Bxc4 Rxd1+ 31.Rxd1 Rxc4 32.Ne2 Rc5 33.Kf2 Nd5 
34.Rd4 b5 35.Kg3 Kg7 36.Nf4 Nb6 37.Rd3 Kf6 38.Rb3 Ke7 39.Nd3 Rg5+ 40.Kf2 
Kd6 41.g3 Rd5 42.Ke2 Nc4 43.Rc3 Rd4 44.Rb3 Kc6 45.Rc3 Kb6 46.Rb3 Na5 47.
Rc3 Rd5 0-1

[Event "40th World U20 ch"]
[Site "Peristeri GRE"]
[Date "2001.08.19"]
[Round "4.10"]
[White "Kapnisis, Spyridon"]
[Black "Vajda, Levente"]
[Result "1-0"]
[WhiteElo "2373"]
[BlackElo "2507"]
[EventDate "2001.08.16"]
[PlyCount "121"]

1.e4 d6 2.d4 Nf6 3.Nc3 g6 4.Nf3 Bg7 5.Be3 O-O 6.Qd2 c6 7.Bh6 b5 8.Bd3 Nbd7
9.Bxg7 Kxg7 10.a4 b4 11.Ne2 Qa5 12.Ng3 h6 13.h4 e5 14.h5 Rh8 15.Nh4 Nf8 
16.Bc4 Bg4 17.hxg6 fxg6 18.Bb3 Re8 19.f3 Bc8 20.f4 Bg4 21.dxe5 dxe5 22.O-O
N8d7 23.f5 Qc5+ 24.Kh1 g5 25.Ng6 Rh7 26.Rad1 Bxd1 27.Rxd1 Nf8 28.Qd7+ 
N8xd7 29.Rxd7+ Re7 30.Rxe7+ Qxe7 31.Nxe7 h5 32.Nxc6 h4 33.Nf1 Nxe4 34.Nxb4
g4 35.Nd3 Kf6 36.Ne3 g3 37.Bd5 Ng5 38.Nc5 h3 39.gxh3 Nxh3 40.Ne4+ Ke7 41.
f6+ Kf8 42.Nxg3 Nf4+ 43.Kg1 Rh6 44.Ne4 Rh3 45.Kf2 Rh2+ 46.Kf3 Rh3+ 47.Ng3 
Nh5 48.Nf1 Nxf6 49.Be6 Rh4 50.b3 Rf4+ 51.Ke2 Ke7 52.Bh3 Kd6 53.Nd2 Kc5 54.
c3 a5 55.Bg2 Ng4 56.Nge4+ Kb6 57.Nc4+ Ka6 58.b4 axb4 59.cxb4 Ka7 60.b5 Nf6
61.b6+ 1-0

[Event "40th World U20 ch"]
[Site "Peristeri GRE"]
[Date "2001.08.19"]
[Round "4.12"]
[White "Postny, Evgeny"]
[Black "Tomczak, Rafal"]
[Result "1-0"]
[WhiteElo "2486"]
[BlackElo "2358"]
[EventDate "2001.08.16"]
[PlyCount "51"]

1.d4 d5 2.c4 e6 3.Nf3 c6 4.Bg5 Be7 5.Bxe7 Qxe7 6.e3 Nf6 7.Nc3 O-O 8.Be2 b6
9.O-O dxc4 10.Bxc4 Bb7 11.e4 Rd8 12.e5 Ne8 13.Qb3 Na6 14.Rfe1 Nec7 15.Ne4 
c5 16.Nd6 Bd5 17.Bxd5 Nxd5 18.Qc4 Ndc7 19.dxc5 bxc5 20.a3 Rab8 21.b4 cxb4 
22.Nd4 Rxd6 23.exd6 Qxd6 24.Nc6 Rb5 25.Rad1 Rd5 26.Rxd5 1-0

[Event "40th World U20 ch"]
[Site "Peristeri GRE"]
[Date "2001.08.19"]
[Round "4.13"]
[White "Torfinnsson, Bragi"]
[Black "Markos, Jan"]
[Result "1/2-1/2"]
[WhiteElo "2371"]
[BlackElo "2479"]
[EventDate "2001.08.16"]
[PlyCount "52"]

1.d4 Nf6 2.c4 e6 3.g3 d5 4.Nf3 Bb4+ 5.Bd2 Be7 6.Bg2 O-O 7.O-O c6 8.Bc3 b6 
9.Nbd2 Nbd7 10.Qa4 Bb7 11.Ne5 Qc7 12.Rfd1 Rfd8 13.e4 dxc4 14.Ndxc4 a5 15.
Qc2 Nxe5 16.dxe5 Ne8 17.Rxd8 Rxd8 18.Qb3 Bc5 19.Rd1 Ba6 20.Bf1 Qe7 21.Rd2 
Bb5 22.Qd1 Rxd2 23.Nxd2 Qd7 24.a4 Bxf1 25.Qxf1 Nc7 26.Nc4 h6 1/2-1/2

[Event "40th World U20 ch"]
[Site "Peristeri GRE"]
[Date "2001.08.19"]
[Round "4.15"]
[White "Karttunen, Mika"]
[Black "Du Shan"]
[Result "1/2-1/2"]
[WhiteElo "2466"]
[BlackElo "2352"]
[EventDate "2001.08.16"]
[PlyCount "67"]

1.d4 d5 2.Nf3 e6 3.g3 f5 4.Bg2 Nf6 5.Ne5 Nbd7 6.Nd3 Bd6 7.O-O O-O 8.Nd2 e5
9.dxe5 Nxe5 10.Nf4 c6 11.c4 dxc4 12.Qc2 Qe7 13.Nxc4 Nxc4 14.Qxc4+ Kh8 15.
Be3 Re8 16.Rad1 Bxf4 17.Qxf4 Be6 18.Bd4 Bd5 19.Qxf5 Bxa2 20.Bxf6 Qxf6 21.
Qxf6 gxf6 22.Rd7 Rab8 23.Ra1 Be6 24.Rd4 a6 25.Be4 Rbd8 26.Rad1 Rxd4 27.
Rxd4 Kg7 28.b4 h6 29.Bd3 Ra8 30.Re4 Kf7 31.Rh4 Kg7 32.Re4 Kf7 33.Rh4 Kg7 
34.Re4 1/2-1/2

[Event "40th World U20 ch"]
[Site "Peristeri GRE"]
[Date "2001.08.19"]
[Round "4.16"]
[White "Panchanathan, Magesh Chandran"]
[Black "Berkvens, Joost"]
[Result "1-0"]
[WhiteElo "2339"]
[BlackElo "2444"]
[EventDate "2001.08.16"]
[PlyCount "71"]

1.e4 c5 2.Nf3 d6 3.d4 cxd4 4.Nxd4 Nf6 5.Nc3 Nc6 6.Bg5 Bd7 7.Qd2 Rc8 8.
O-O-O Nxd4 9.Qxd4 Qa5 10.f4 Rxc3 11.bxc3 e5 12.Qb4 Qxb4 13.cxb4 Nxe4 14.
Bh4 Nc3 15.Rd2 Be7 16.Bxe7 Kxe7 17.Bc4 Rc8 18.Bb3 f5 19.fxe5 dxe5 20.Re1 
e4 21.Kb2 Na4+ 22.Bxa4 Bxa4 23.Re3 Kf6 24.Ra3 Bc6 25.c4 f4 26.b5 e3 27.Re2
Be4 28.Kc3 Ke5 29.Rxa7 Bxg2 30.Rxg2 f3 31.Rxb7 Rf8 32.Rg1 g5 33.Re7+ Kf4 
34.Re1 Ra8 35.R1xe3 Ra3+ 36.Kd4 1-0

[Event "40th World U20 ch"]
[Site "Peristeri GRE"]
[Date "2001.08.19"]
[Round "4.17"]
[White "Stryjecki, Marek"]
[Black "Carlsson, Pontus"]
[Result "1-0"]
[WhiteElo "2441"]
[BlackElo "2330"]
[EventDate "2001.08.16"]
[PlyCount "109"]

1.g3 e5 2.c4 c6 3.d4 Bb4+ 4.Bd2 Bxd2+ 5.Qxd2 d6 6.Nc3 Nf6 7.Bg2 O-O 8.e4 
Nbd7 9.Nge2 a6 10.Rd1 b5 11.O-O Bb7 12.dxe5 Nxe5 13.b3 bxc4 14.Qxd6 Qxd6 
15.Rxd6 cxb3 16.axb3 c5 17.h3 Rfb8 18.f4 Ng6 19.Ra1 Ne8 20.Rb6 Nf8 21.Rd1 
a5 22.Rb5 Ba6 23.Rxa5 Bxe2 24.Rxa8 Rxa8 25.Nxe2 Ra2 26.Kf1 Rb2 27.Rd3 g6 
28.e5 Nc7 29.g4 Nfe6 30.f5 Nf8 31.Bc6 Na6 32.Bb5 Nb4 33.Rg3 Kg7 34.Bc4 Nc6
35.Re3 Nd7 36.e6 fxe6 37.fxe6 Nb6 38.e7 Nxe7 39.Rxe7+ Kh6 40.Bg8 Kg5 41.
Re5+ Kh4 42.Rxc5 Nd7 43.Rc3 Nf6 44.Bc4 Ne4 45.Re3 Nd2+ 46.Kg2 Rc2 47.Bg8 
h5 48.gxh5 gxh5 49.Rc3 Rb2 50.Re3 Kg5 51.Bd5 Kh4 52.Kf2 Rc2 53.Rd3 Nb1 54.
b4 Rb2 55.Rb3 1-0

[Event "40th World U20 ch"]
[Site "Peristeri GRE"]
[Date "2001.08.19"]
[Round "4.20"]
[White "Aronian, Levon"]
[Black "Papp, Gabor"]
[Result "1-0"]
[WhiteElo "2562"]
[BlackElo "2291"]
[EventDate "2001.08.16"]
[PlyCount "59"]

1.e4 c5 2.Nf3 e6 3.c4 Nc6 4.Nc3 Nf6 5.Be2 a6 6.O-O Qc7 7.d4 cxd4 8.Nxd4 
Bb4 9.Nxc6 dxc6 10.Be3 O-O 11.Qc2 e5 12.Na4 Be7 13.Nb6 Rb8 14.Nxc8 Rbxc8 
15.c5 h6 16.g3 Rcd8 17.b4 Rfe8 18.h4 Nd7 19.Bc4 Nf8 20.f4 exf4 21.Bxf4 Qc8
22.Bd6 Ne6 23.e5 Bxd6 24.exd6 b6 25.Rxf7 Kxf7 26.Qh7 Rxd6 27.cxd6 Kf6 28.
Rf1+ Ke5 29.d7 Qxd7 30.Qf5+ 1-0